<?xml version="1.0" encoding="UTF-8"?>
<collection xmlns="http://www.loc.gov/MARC21/slim">
 <record>
  <leader>04953cam a2200937   4500</leader>
  <controlfield tag="001">190571586</controlfield>
  <controlfield tag="003">DE-627</controlfield>
  <controlfield tag="005">20240418022732.0</controlfield>
  <controlfield tag="007">tu</controlfield>
  <controlfield tag="008">951207s1971    xxk|||||      00| ||eng c</controlfield>
  <datafield tag="020" ind1=" " ind2=" ">
   <subfield code="a">0521080398</subfield>
   <subfield code="9">0-521-08039-8</subfield>
  </datafield>
  <datafield tag="035" ind1=" " ind2=" ">
   <subfield code="a">(DE-627)190571586</subfield>
  </datafield>
  <datafield tag="035" ind1=" " ind2=" ">
   <subfield code="a">(DE-576)003628124</subfield>
  </datafield>
  <datafield tag="035" ind1=" " ind2=" ">
   <subfield code="a">(DE-599)GBV190571586</subfield>
  </datafield>
  <datafield tag="035" ind1=" " ind2=" ">
   <subfield code="a">(OCoLC)151784</subfield>
  </datafield>
  <datafield tag="035" ind1=" " ind2=" ">
   <subfield code="a">(OCoLC)00151784</subfield>
  </datafield>
  <datafield tag="035" ind1=" " ind2=" ">
   <subfield code="a">(AT-OBV)AC00867774</subfield>
  </datafield>
  <datafield tag="035" ind1=" " ind2=" ">
   <subfield code="a">(DE-604)802966571x</subfield>
  </datafield>
  <datafield tag="040" ind1=" " ind2=" ">
   <subfield code="a">DE-627</subfield>
   <subfield code="b">ger</subfield>
   <subfield code="c">DE-627</subfield>
   <subfield code="e">rakwb</subfield>
  </datafield>
  <datafield tag="041" ind1=" " ind2=" ">
   <subfield code="a">eng</subfield>
  </datafield>
  <datafield tag="044" ind1=" " ind2=" ">
   <subfield code="c">XA-GB</subfield>
  </datafield>
  <datafield tag="050" ind1=" " ind2="0">
   <subfield code="a">BR1024</subfield>
  </datafield>
  <datafield tag="082" ind1="0" ind2=" ">
   <subfield code="a">282.46</subfield>
  </datafield>
  <datafield tag="084" ind1=" " ind2=" ">
   <subfield code="a">1</subfield>
   <subfield code="2">ssgn</subfield>
  </datafield>
  <datafield tag="084" ind1=" " ind2=" ">
   <subfield code="a">BO 4210</subfield>
   <subfield code="2">rvk</subfield>
   <subfield code="0">(DE-625)rvk/14425:</subfield>
  </datafield>
  <datafield tag="084" ind1=" " ind2=" ">
   <subfield code="a">PY 550</subfield>
   <subfield code="2">rvk</subfield>
   <subfield code="0">(DE-625)rvk/141085:</subfield>
  </datafield>
  <datafield tag="084" ind1=" " ind2=" ">
   <subfield code="a">NM 9250</subfield>
   <subfield code="2">rvk</subfield>
   <subfield code="0">(DE-625)rvk/126479:</subfield>
  </datafield>
  <datafield tag="084" ind1=" " ind2=" ">
   <subfield code="a">BO 4810</subfield>
   <subfield code="2">rvk</subfield>
   <subfield code="0">(DE-625)rvk/14490:</subfield>
  </datafield>
  <datafield tag="084" ind1=" " ind2=" ">
   <subfield code="a">15.33</subfield>
   <subfield code="2">bkl</subfield>
  </datafield>
  <datafield tag="084" ind1=" " ind2=" ">
   <subfield code="a">15.66</subfield>
   <subfield code="2">bkl</subfield>
  </datafield>
  <datafield tag="100" ind1="1" ind2=" ">
   <subfield code="a">Linehan, Peter</subfield>
   <subfield code="d">1943-2020</subfield>
   <subfield code="0">(DE-588)129701572</subfield>
   <subfield code="0">(DE-627)477593534</subfield>
   <subfield code="0">(DE-576)162001452</subfield>
   <subfield code="4">aut</subfield>
  </datafield>
  <datafield tag="245" ind1="1" ind2="4">
   <subfield code="a">The Spanish church and the papacy in the thirteenth century</subfield>
   <subfield code="c">Peter Linehan</subfield>
  </datafield>
  <datafield tag="264" ind1=" " ind2="1">
   <subfield code="a">Cambridge [u.a.]</subfield>
   <subfield code="b">Cambridge Univ. Pr.</subfield>
   <subfield code="c">1971</subfield>
  </datafield>
  <datafield tag="300" ind1=" " ind2=" ">
   <subfield code="a">XVII, 389 S.</subfield>
   <subfield code="b">Kt</subfield>
  </datafield>
  <datafield tag="336" ind1=" " ind2=" ">
   <subfield code="a">Text</subfield>
   <subfield code="b">txt</subfield>
   <subfield code="2">rdacontent</subfield>
  </datafield>
  <datafield tag="337" ind1=" " ind2=" ">
   <subfield code="a">ohne Hilfsmittel zu benutzen</subfield>
   <subfield code="b">n</subfield>
   <subfield code="2">rdamedia</subfield>
  </datafield>
  <datafield tag="338" ind1=" " ind2=" ">
   <subfield code="a">Band</subfield>
   <subfield code="b">nc</subfield>
   <subfield code="2">rdacarrier</subfield>
  </datafield>
  <datafield tag="490" ind1="1" ind2=" ">
   <subfield code="a">Cambridge studies in medieval life and thought</subfield>
   <subfield code="v">Ser. 3, 4</subfield>
  </datafield>
  <datafield tag="500" ind1=" " ind2=" ">
   <subfield code="a">Literaturverz. S. 335-365</subfield>
  </datafield>
  <datafield tag="583" ind1="1" ind2=" ">
   <subfield code="a">Archivierung/Langzeitarchivierung gewährleistet</subfield>
   <subfield code="f">SSG</subfield>
   <subfield code="x">XA-DE-BW</subfield>
   <subfield code="2">pdager</subfield>
   <subfield code="5">DE-21</subfield>
  </datafield>
  <datafield tag="583" ind1="1" ind2=" ">
   <subfield code="a">Archivierung prüfen</subfield>
   <subfield code="c">20240324</subfield>
   <subfield code="f">DE-4165</subfield>
   <subfield code="z">3</subfield>
   <subfield code="2">pdager</subfield>
  </datafield>
  <datafield tag="650" ind1=" " ind2="0">
   <subfield code="a">Papacy</subfield>
   <subfield code="x">History</subfield>
   <subfield code="x">To 1309</subfield>
  </datafield>
  <datafield tag="650" ind1=" " ind2="4">
   <subfield code="a">Spanien</subfield>
  </datafield>
  <datafield tag="650" ind1=" " ind2="4">
   <subfield code="a">Mittelalter</subfield>
  </datafield>
  <datafield tag="650" ind1=" " ind2="4">
   <subfield code="a">Kirchengeschichte</subfield>
  </datafield>
  <datafield tag="650" ind1=" " ind2="4">
   <subfield code="a">Register</subfield>
  </datafield>
  <datafield tag="650" ind1=" " ind2="4">
   <subfield code="a">Literaturverzeichnis/Bibliographie</subfield>
  </datafield>
  <datafield tag="650" ind1=" " ind2="4">
   <subfield code="a">Spain</subfield>
  </datafield>
  <datafield tag="650" ind1=" " ind2="4">
   <subfield code="a">Middle Ages</subfield>
  </datafield>
  <datafield tag="650" ind1=" " ind2="4">
   <subfield code="a">church history</subfield>
  </datafield>
  <datafield tag="650" ind1=" " ind2="4">
   <subfield code="a">index</subfield>
  </datafield>
  <datafield tag="650" ind1=" " ind2="4">
   <subfield code="a">bibliography</subfield>
  </datafield>
  <datafield tag="651" ind1=" " ind2="0">
   <subfield code="a">Spain</subfield>
   <subfield code="x">Church history</subfield>
  </datafield>
  <datafield tag="689" ind1="0" ind2="0">
   <subfield code="d">g</subfield>
   <subfield code="0">(DE-588)4055964-6</subfield>
   <subfield code="0">(DE-627)104616806</subfield>
   <subfield code="0">(DE-576)209116080</subfield>
   <subfield code="a">Spanien</subfield>
   <subfield code="2">gnd</subfield>
  </datafield>
  <datafield tag="689" ind1="0" ind2="1">
   <subfield code="a">z</subfield>
   <subfield code="2">gnd</subfield>
   <subfield code="a">Kirchengeschichte 1200-1300</subfield>
  </datafield>
  <datafield tag="689" ind1="0" ind2="2">
   <subfield code="d">s</subfield>
   <subfield code="0">(DE-588)4044561-6</subfield>
   <subfield code="0">(DE-627)10450157X</subfield>
   <subfield code="0">(DE-576)209061464</subfield>
   <subfield code="a">Papst</subfield>
   <subfield code="2">gnd</subfield>
  </datafield>
  <datafield tag="689" ind1="0" ind2=" ">
   <subfield code="5">(DE-627)</subfield>
  </datafield>
  <datafield tag="689" ind1="1" ind2="0">
   <subfield code="a">z</subfield>
   <subfield code="2">gnd</subfield>
   <subfield code="a">Geschichte 1200-1300</subfield>
  </datafield>
  <datafield tag="689" ind1="1" ind2=" ">
   <subfield code="5">(DE-627)</subfield>
  </datafield>
  <datafield tag="787" ind1="0" ind2="8">
   <subfield code="i">Rezension</subfield>
   <subfield code="a">Scheler, Dieter</subfield>
   <subfield code="t">[Rezension von: Linehan, Peter, The Spanish church and the papacy in the thirteenth century]</subfield>
   <subfield code="d">1974</subfield>
   <subfield code="w">(DE-627)641053525</subfield>
  </datafield>
  <datafield tag="787" ind1="0" ind2="8">
   <subfield code="i">Rezensiert in</subfield>
   <subfield code="a">Scheler, Dieter, 1940 - </subfield>
   <subfield code="t">[Rezension von: Peter Linehan, The Spanish church and the papacy in the thirteenth century]</subfield>
   <subfield code="d">München : Artemis Verlag, 1975</subfield>
   <subfield code="w">(DE-627)1666865273</subfield>
  </datafield>
  <datafield tag="787" ind1="0" ind2="8">
   <subfield code="i">Rezensiert in</subfield>
   <subfield code="a">Burns, Robert Ignatius</subfield>
   <subfield code="t">[Rezension von: Linehan, Peter A., The Spanish Church and the Papacy in the Thirteenth Century]</subfield>
   <subfield code="d">1975</subfield>
   <subfield code="w">(DE-627)1784316687</subfield>
  </datafield>
  <datafield tag="830" ind1=" " ind2="0">
   <subfield code="a">Cambridge studies in medieval life and thought</subfield>
   <subfield code="v">Ser. 3, 4</subfield>
   <subfield code="9">S3,4</subfield>
   <subfield code="w">(DE-627)16714362X</subfield>
   <subfield code="w">(DE-576)001412639</subfield>
   <subfield code="w">(DE-600)417520-7</subfield>
   <subfield code="x">0950-6314</subfield>
   <subfield code="7">ns</subfield>
  </datafield>
  <datafield tag="856" ind1="4" ind2="2">
   <subfield code="u">http://www.loc.gov/catdir/enhancements/fy0632/75154505-d.html</subfield>
   <subfield code="x">Verlag</subfield>
   <subfield code="y">Publisher description</subfield>
  </datafield>
  <datafield tag="856" ind1="4" ind2="2">
   <subfield code="u">http://www.loc.gov/catdir/enhancements/fy0632/75154505-t.html</subfield>
   <subfield code="x">Verlag</subfield>
   <subfield code="y">Table of contents</subfield>
  </datafield>
  <datafield tag="889" ind1=" " ind2=" ">
   <subfield code="w">(DE-576)484080865</subfield>
  </datafield>
  <datafield tag="935" ind1=" " ind2=" ">
   <subfield code="a">mteo</subfield>
  </datafield>
  <datafield tag="935" ind1=" " ind2=" ">
   <subfield code="i">Blocktest</subfield>
  </datafield>
  <datafield tag="936" ind1="r" ind2="v">
   <subfield code="a">BO 4210</subfield>
   <subfield code="b">Nach Ländern</subfield>
   <subfield code="k">Theologie und Religionswissenschaften</subfield>
   <subfield code="k">Patrologie und Kirchengeschichte</subfield>
   <subfield code="k">Kirchengeschichte nach Perioden</subfield>
   <subfield code="k">Geschichte der Kirche im Mittelalter</subfield>
   <subfield code="k">Darstellungen</subfield>
   <subfield code="k">Mittelalter insgesamt</subfield>
   <subfield code="k">Zusammenfassende Darstellungen</subfield>
   <subfield code="k">Nach Ländern</subfield>
   <subfield code="0">(DE-627)1270747029</subfield>
   <subfield code="0">(DE-625)rvk/14425:</subfield>
   <subfield code="0">(DE-576)200747029</subfield>
  </datafield>
  <datafield tag="936" ind1="r" ind2="v">
   <subfield code="a">PY 550</subfield>
   <subfield code="b">Begriff des Papsttums (Päpstlicher Primat) und Geschichte des Papsttums einschließlich Kirchenstaat</subfield>
   <subfield code="k">Rechtswissenschaft</subfield>
   <subfield code="k">Historische Kanonistik</subfield>
   <subfield code="k">Geschichte der Institutionen des Kirchenrechts</subfield>
   <subfield code="k">Begriff des Papsttums (Päpstlicher Primat) und Geschichte des Papsttums einschließlich Kirchenstaat</subfield>
   <subfield code="0">(DE-627)1271720329</subfield>
   <subfield code="0">(DE-625)rvk/141085:</subfield>
   <subfield code="0">(DE-576)201720329</subfield>
  </datafield>
  <datafield tag="936" ind1="r" ind2="v">
   <subfield code="a">NM 9250</subfield>
   <subfield code="b">Iberische Halbinsel (Spanien, Portugal)</subfield>
   <subfield code="k">Geschichte</subfield>
   <subfield code="k">Geschichte des Mittelalters</subfield>
   <subfield code="k">Geschichte der auswärtigen Staaten und Völker</subfield>
   <subfield code="k">Europäische Staaten und Völker</subfield>
   <subfield code="k">Iberische Halbinsel (Spanien, Portugal)</subfield>
   <subfield code="0">(DE-627)1271360071</subfield>
   <subfield code="0">(DE-625)rvk/126479:</subfield>
   <subfield code="0">(DE-576)201360071</subfield>
  </datafield>
  <datafield tag="936" ind1="r" ind2="v">
   <subfield code="a">BO 4810</subfield>
   <subfield code="b">Papsttum und Kaisertum</subfield>
   <subfield code="k">Theologie und Religionswissenschaften</subfield>
   <subfield code="k">Patrologie und Kirchengeschichte</subfield>
   <subfield code="k">Kirchengeschichte nach Perioden</subfield>
   <subfield code="k">Geschichte der Kirche im Mittelalter</subfield>
   <subfield code="k">Darstellungen</subfield>
   <subfield code="k">Mitte des 12. Jahrhunderts - Bonifaz VIII. (1150-1303)</subfield>
   <subfield code="k">Papsttum und Kaisertum</subfield>
   <subfield code="0">(DE-627)1270747576</subfield>
   <subfield code="0">(DE-625)rvk/14490:</subfield>
   <subfield code="0">(DE-576)200747576</subfield>
  </datafield>
  <datafield tag="936" ind1="b" ind2="k">
   <subfield code="a">15.33</subfield>
   <subfield code="j">Hoch- und Spätmittelalter</subfield>
   <subfield code="0">(DE-627)181571560</subfield>
  </datafield>
  <datafield tag="936" ind1="b" ind2="k">
   <subfield code="a">15.66</subfield>
   <subfield code="j">Spanien</subfield>
   <subfield code="j">Portugal</subfield>
   <subfield code="x">Geschichte</subfield>
   <subfield code="0">(DE-627)181571447</subfield>
  </datafield>
  <datafield tag="951" ind1=" " ind2=" ">
   <subfield code="a">BO</subfield>
  </datafield>
  <datafield tag="990" ind1=" " ind2=" ">
   <subfield code="a">Spanien</subfield>
  </datafield>
  <datafield tag="990" ind1=" " ind2=" ">
   <subfield code="a">Kirchengeschichte 1200-1300</subfield>
  </datafield>
  <datafield tag="990" ind1=" " ind2=" ">
   <subfield code="a">Papst</subfield>
  </datafield>
  <datafield tag="990" ind1=" " ind2=" ">
   <subfield code="a">Geschichte 1200-1300</subfield>
  </datafield>
  <datafield tag="991" ind1=" " ind2=" ">
   <subfield code="a">Rezensiertes Werk</subfield>
  </datafield>
  <datafield tag="999" ind1=" " ind2=" ">
   <subfield code="a">KXP-PPN190571586</subfield>
   <subfield code="e">4659556182</subfield>
  </datafield>
 </record>
</collection>
